000 00579nam a2200205Ia 4500
005 20250508161543.0
008 008 250505s9999 xx 000 0 eng d
037 _aTextual
040 _aFEDL
_beng
_cFEDL
041 _aeng
_2eng
084 _a370.78, NCE
_qFEDL
245 0 _aSummaries of reports
245 0 _cNCERT (New Delhi India)
260 _aDelhi, India
_bCentral Institute of Education
300 _a80p
490 _aStudies in education and psychology ; 4
650 _aEducation
942 _cTEXL
_h370.78, NCE
999 _c1370740
_d1370740